| 000 | 01314nam a2200301Ia 4500 | ||
|---|---|---|---|
| 003 | CO-CtgCURN | ||
| 005 | 20250410161406.0 | ||
| 008 | 190724s2006 xx g 000 0 spa d | ||
| 020 | _a8449318602 | ||
| 040 |
_aCO-CtgCURN _bspa _ccoctgcurn |
||
| 082 |
_a371.115 _bC548 |
||
| 100 |
_aChomsky, Noam _d1928- _92320 |
||
| 245 | 0 |
_aSobre democracia y educación : _bescritos sobre las instituciones educativas y el lenguaje en las aulas / _cNoam Chomsky;comp., C. P. Otero; traducción., Eugenia Vázquez Nacarino;Miguel Martínez-Lage |
|
| 260 |
_aBarcelona, España : _bPaidos, _c2006 |
||
| 300 |
_a313 páginas ; _c23 centímetros |
||
| 490 |
_aPaidos Estado y sociedad; _v129 |
||
| 500 | _aTitulo original : Chomsky on democracy and education | ||
| 504 | _aIncluye referencias bibliográficas (p.271-304) | ||
| 505 | _aLas instituciones educativas -- El lenguaje en el aula | ||
| 521 | _aAREA SOCIOHUMANISTICA | ||
| 590 | _aPrograma de Enfermería_27 | ||
| 650 |
_aFilosofía de la educación _92321 |
||
| 700 |
_aVázquez Nacarino, Eugenia _etraductora _93133 |
||
| 700 |
_aMartínez-Lage, Miguel _etraductor _93134 |
||
| 942 |
_cBK _h371.115 _iC548 _2ddc _n0 |
||
| 999 |
_c29969 _d29969 |
||